Uttar Pradesh journal of zoology. (Record no. 26090)

MARC details
000 -LEADER
fixed length control field 01184cas a2200325 a 4500
001 - CONTROL NUMBER
control field 11305824
005 - DATE AND TIME OF LATEST TRANSACTION
control field 20040221092718.0
008 - FIXED-LENGTH DATA ELEMENTS--GENERAL INFORMATION
fixed length control field 851125c19uu9999ii fr p 0 a0eng d
010 ## - LIBRARY OF CONGRESS CONTROL NUMBER
LC control number 85913422
022 ## - INTERNATIONAL STANDARD SERIAL NUMBER
International Standard Serial Number 0256-971X
035 ## - SYSTEM CONTROL NUMBER
System control number (OCoLC)ocm12845617
040 ## - CATALOGING SOURCE
Original cataloging agency ICRL
Transcribing agency ICRL
Modifying agency DLC
-- NST
-- ICRL
-- DNLM
-- OCoLC
042 ## - AUTHENTICATION CODE
Authentication code lc
050 ## - LIBRARY OF CONGRESS CALL NUMBER
Classification number QL1
Item number .U87
082 ## - DEWEY DECIMAL CLASSIFICATION NUMBER
Classification number 590.5
Edition number 19
245 ## - TITLE STATEMENT
Title Uttar Pradesh journal of zoology.
260 ## - PUBLICATION, DISTRIBUTION, ETC. (IMPRINT)
Place of publication, distribution, etc Muzaffarnagar, India :
Name of publisher, distributor, etc Uttar Pradesh Zoological Society
300 ## - PHYSICAL DESCRIPTION
Extent v. :
Other physical details ill. ;
Dimensions 26 cm.
310 ## - CURRENT PUBLICATION FREQUENCY
Current publication frequency Semiannual
500 ## - GENERAL NOTE
General note "Published for the advancement of zoology."
500 ## - GENERAL NOTE
General note Description based on: Vol. 4, no. 1; title from cover.
550 ## - ISSUING BODY NOTE
Issuing body note Official organ of: The Uttar Pradesh Zoological Society.
590 ## - LOCAL NOTE (RLIN)
Local note SERBIB/SERLOC merged record
650 ## - SUBJECT ADDED ENTRY--TOPICAL TERM
Topical term or geographic name as entry element Zoology
Form subdivision Periodicals.
710 ## - ADDED ENTRY--CORPORATE NAME
Corporate name or jurisdiction name as entry element Uttar Pradesh Zoological Society.
906 ## - LOCAL DATA ELEMENT F, LDF (RLIN)
a 7
b cbc
c serials
d 3
e ncip
f 19
g n-oclcserc
942 ## - ADDED ENTRY ELEMENTS (KOHA)
Source of classification or shelving scheme Dewey Decimal Classification
Item type Periodicals
Classification part 590.5
Call number suffix UTT
Serial record 1
Holdings
Withdrawn status Lost status Source of classification or shelving scheme Damaged status Not for loan Collection code Home library Current library Date acquired Total Checkouts Full call number Date last seen Price effective from Koha item type
    Dewey Decimal Classification   Not For Loan Non-fiction D.B.Act.Division D.B.Act.Division 05/05/2009   590.5 UTT 05/05/2009 05/05/2009 Periodicals

© Delhi Public Library
Hit Counter
free hit counter